| 000 | 00935nam a2200289 4500 | ||
|---|---|---|---|
| 003 | EG-GICUC | ||
| 005 | 20260415235828.0 | ||
| 008 | 260415t1988 ua|||||fr|||| 00| 0 ara d | ||
| 040 |
_a EG-GICUC _bara _c EG-GICUC _d EG-GICUC _erda |
||
| 043 | _af-ua--- | ||
| 082 | 0 | 4 |
_221 _a343.7 |
| 092 | 0 | 4 | _221 |
| 099 | _aLaw1 10 343.7 ع ب . ع | ||
| 100 | 0 | _aعبدالرحيم صدقي | |
| 245 | 1 | 0 |
_aعلم العقاب / _cعبدالرحيم صدقي. |
| 250 | _aطبعة مزيدة ومنقحة | ||
| 300 |
_a268 صفحة _c24 سم |
||
| 336 |
_2rda content _atext |
||
| 337 |
_2rda media _aComputer |
||
| 338 |
_2rda carrier _aOnline Resource |
||
| 500 | _aالعنوان على الغلاف : علم العقاب : داسة تأصيلية علمية | ||
| 650 | 1 | 4 |
_aعلم العقاب _2qrmak |
| 651 | 1 | _2qrmak | |
| 856 | 4 | 0 | _uhttps://fll.law.cu.edu.eg/fulltext/bks/B10-07537.pdf |
| 905 | _a17 | ||
| 942 |
_2ddc _n0 _cBK _e21 |
||
| 999 |
_c71316 _d71316 |
||